El trabajo del actor sobre si mismo : (Registro nro. 70938)
[ vista simple ]
| 000 -LEADER | |
|---|---|
| fixed length control field | 01356aam a2200337 i 4500 |
| 001 - CONTROL NUMBER | |
| control field | 70938 |
| 003 - CONTROL NUMBER IDENTIFIER | |
| control field | Mx-PuUPA |
| 005 - DATE AND TIME OF LATEST TRANSACTION | |
| control field | 20240410160512.0 |
| 008 - FIXED-LENGTH DATA ELEMENTS--GENERAL INFORMATION | |
| fixed length control field | 240410s2023 sp a|||gr|||| 00| e spa d |
| 017 ## - COPYRIGHT OR LEGAL DEPOSIT NUMBER | |
| Copyright or legal deposit number | B-16.528-2009 |
| 020 ## - INTERNATIONAL STANDARD BOOK NUMBER | |
| International Standard Book Number | 9788484284703 |
| 040 ## - CATALOGING SOURCE | |
| Original cataloging agency | Mx-PuUPA |
| Language of cataloging | spa |
| Transcribing agency | Mx-PuUPA |
| Modifying agency | Mx-PuUPA |
| Description conventions | rda |
| 041 1# - LANGUAGE CODE | |
| Language code of text/sound track or separate title | spa |
| Language code of original | rus |
| 100 1# - MAIN ENTRY--PERSONAL NAME | |
| Personal name | Stanislavsky, Konstantin, |
| Dates associated with a name | 1863-1938 |
| 9 (RLIN) | 2487 |
| Relator term | autor |
| 240 10 - UNIFORM TITLE | |
| Uniform title | Rabota aktiora nad soboy u tuorcheskom protsese voploshenie. |
| Language of a work | Español |
| 245 13 - TITLE STATEMENT | |
| Title | El trabajo del actor sobre si mismo : |
| Remainder of title | en el proceso creador de la encarnación / |
| Statement of responsibility, etc. | Konstantín Stanislavski ; traductor, prólogo y notas de Jorge Saura |
| 250 ## - EDITION STATEMENT | |
| Edition statement | Tercera edición |
| 264 #1 - PRODUCTION, PUBLICATION, DISTRIBUTION, MANUFACTURE, AND COPYRIGHT NOTICE | |
| Place of production, publication, distribution, manufacture | Barcelona : |
| Name of producer, publisher, distributor, manufacturer | Alba Editorial, |
| Date of production, publication, distribution, manufacture, or copyright notice | 2023 |
| 300 ## - PHYSICAL DESCRIPTION | |
| Extent | 378 páginas : |
| Other physical details | ilustraciones ; |
| Dimensions | 21 cm |
| 336 ## - CONTENT TYPE | |
| Fuente | rdacontent |
| Content type term | texto |
| Content type code | txt |
| 337 ## - MEDIA TYPE | |
| Source | rdamedia |
| Media type term | sin medio |
| Media type code | n |
| 338 ## - CARRIER TYPE | |
| Source | rdacarrier |
| Carrier type term | volumen |
| Carrier type code | nc |
| 490 0# - SERIES STATEMENT | |
| Series statement | Alba Artes Escénicas |
| 650 #7 - SUBJECT ADDED ENTRY--TOPICAL TERM | |
| Source of heading or term | armarc |
| 9 (RLIN) | 13986 |
| 700 1# - ADDED ENTRY--PERSONAL NAME | |
| Personal name | Saura, Jorge, |
| Relator term | traductor |
| -- | prologuista |
| -- | autor de notas |
| 765 0# - ORIGINAL LANGUAGE ENTRY | |
| Main entry heading | Stanislavsky, Konstantin, 1863-1938, |
| Title | Rabota aktiora nad soboy u tuorcheskom protsese voploshenie. |
| 942 ## - ADDED ENTRY ELEMENTS (KOHA) | |
| Source of classification or shelving scheme | Dewey Decimal Classification |
| Koha item type | Libro |
| Classification part | 792.02 |
| Item part | S775 |
| Withdrawn status | Lost status | Source of classification or shelving scheme | Damaged status | Not for loan | Collection code | Home library | Current library | Shelving location | Date acquired | Source of acquisition | Cost, normal purchase price | Total Checkouts | Full call number | Barcode | Date last seen | Cost, replacement price | Price effective from | Koha item type | Copy number |
|---|---|---|---|---|---|---|---|---|---|---|---|---|---|---|---|---|---|---|---|
| Dewey Decimal Classification | General | Biblioteca Karol Wojtyla | Biblioteca Karol Wojtyla | Sala general | 10/04/2024 | 11 | 611.91 | 792.02 S775 2023 | 104497 | 05/01/2026 | 611.91 | 10/04/2024 | Libro | ||||||
| Dewey Decimal Classification | General | Biblioteca Karol Wojtyla | Biblioteca Karol Wojtyla | Sala general | 10/04/2024 | 11 | 611.91 | 792.02 S775 2023 | 104498 | 05/01/2026 | 611.91 | 10/04/2024 | Libro | Ej.2 |